La antidieta / (Registro nro. 7185)
[ vista simple ]
| 000 -LEADER | |
|---|---|
| fixed length control field | 01905nam a22003257a 4500 |
| 003 - CONTROL NUMBER IDENTIFIER | |
| control field | OSt |
| 005 - DATE AND TIME OF LATEST TRANSACTION | |
| control field | 20210215143733.0 |
| 008 - FIXED-LENGTH DATA ELEMENTS--GENERAL INFORMATION | |
| fixed length control field | 210215s1986 mx ||||er|||| 00| 0dspa d |
| 020 ## - INTERNATIONAL STANDARD BOOK NUMBER | |
| International Standard Book Number | 8486344166 |
| 040 ## - CATALOGING SOURCE | |
| Original cataloging agency | CO-JMCR |
| Transcribing agency | CO-JMCR |
| 041 1# - LANGUAGE CODE | |
| Language code of text/sound track or separate title | spa |
| Language code of accompanying material other than librettos | eng |
| 082 04 - DEWEY DECIMAL CLASSIFICATION NUMBER | |
| Classification number | 613.26 / |
| Item number | D537a |
| Edition number | 23 |
| 100 1# - MAIN ENTRY--PERSONAL NAME | |
| Personal name | Diamond, Harvey, |
| Relator term | autor |
| 9 (RLIN) | 13450 |
| 245 13 - TITLE STATEMENT | |
| Title | La antidieta / |
| Statement of responsibility, etc. | Harvey y Marilyn Diamond ; traducción Marta Guastavino |
| 260 ## - PUBLICATION, DISTRIBUTION, ETC. | |
| Place of publication, distribution, etc. | Barcelona : |
| Name of publisher, distributor, etc. | Ediciones Urano, |
| Date of publication, distribution, etc. | 1986 |
| 300 ## - PHYSICAL DESCRIPTION | |
| Extent | 245 páginas ; |
| Dimensions | 22 cm. |
| 500 ## - GENERAL NOTE | |
| General note | Incluye fotografía y datos biográficos de los autores y notas a pie de página.<br/>Título original: Fit for life <br/> |
| 500 ## - GENERAL NOTE | |
| General note | "Unos principios claros y sensatos sobre cómo debemos alimentarnos: lo importante no es lo que se come, sino cómo y cuándo se come"--Tapa<br/> |
| 505 0# - FORMATTED CONTENTS NOTE | |
| Formatted contents note | Los principios -- El programa -- Una semana de muestra<br/> |
| 520 3# - SUMMARY, ETC. | |
| Summary, etc. | Por fin un libro claro y sensato sobre como debemos alimentarnos. Siguiendo los principios de LA ANTIDIETA, su alimentación se ajustará al ritmo de su organismo permitiendo así que sus mecanismos de autodepuración y automantenimiento produzcan óptimos resultados. Conseguira más salud, más energía y el peso ideal en forma permanente. Lo que LA ANTIDIETA propone no es un programa para unas semanas, sino una nuevamanera de enfocar la alimentación, una manera de comer que le mantendrá lleno de salud y energía, y en su peso ideal. Estamos seguros de que este será el último libro sobre nutrición que leerá en su vida.<br/> |
| 546 ## - LANGUAGE NOTE | |
| Language note | Traducido del inglés<br/> |
| 650 14 - SUBJECT ADDED ENTRY--TOPICAL TERM | |
| Topical term or geographic name entry element | Dietética |
| 9 (RLIN) | 13451 |
| 650 14 - SUBJECT ADDED ENTRY--TOPICAL TERM | |
| Topical term or geographic name entry element | Hábitos alimenticios |
| 9 (RLIN) | 13452 |
| 650 14 - SUBJECT ADDED ENTRY--TOPICAL TERM | |
| Topical term or geographic name entry element | Nutricion |
| 9 (RLIN) | 13453 |
| 650 24 - SUBJECT ADDED ENTRY--TOPICAL TERM | |
| Topical term or geographic name entry element | Dietoterapia |
| 9 (RLIN) | 13454 |
| 650 24 - SUBJECT ADDED ENTRY--TOPICAL TERM | |
| Topical term or geographic name entry element | Dietas de reducción |
| 9 (RLIN) | 13455 |
| 700 1# - ADDED ENTRY--PERSONAL NAME | |
| Personal name | Diamond, Marilyn, |
| Relator term | autora |
| 9 (RLIN) | 13456 |
| 700 1# - ADDED ENTRY--PERSONAL NAME | |
| Personal name | Guastavino, Marta, |
| Relator term | traductora |
| 9 (RLIN) | 13457 |
| 942 ## - ADDED ENTRY ELEMENTS (KOHA) | |
| Source of classification or shelving scheme | Dewey Decimal Classification |
| Koha item type | Books |
| Withdrawn status | Lost status | Source of classification or shelving scheme | Damaged status | Not for loan | Collection code | Home library | Current library | Date acquired | Source of acquisition | Total Checkouts | Full call number | Barcode | Date last seen | Date last checked out | Copy number | Price effective from | Koha item type |
|---|---|---|---|---|---|---|---|---|---|---|---|---|---|---|---|---|---|
| Dewey Decimal Classification | Non-fiction | Biblioteca Pública José María del Castillo y Rada | Biblioteca Pública José María del Castillo y Rada | 04/15/2018 | Donación | 2 | 613.26 / D537a | 201810297 | 04/06/2026 | 04/06/2026 | Ej.1 | 02/15/2021 | Books |